<?xml version="1.0" encoding="UTF-8"?>
<collection xmlns="http://www.loc.gov/MARC21/slim">
<record>
  <controlfield tag="001">2542</controlfield>
  <controlfield tag="005">20160701171707.0</controlfield>
  <datafield tag="037" ind1=" " ind2=" ">
    <subfield code="a">ASTROimport-699</subfield>
  </datafield>
  <datafield tag="100" ind1=" " ind2=" ">
    <subfield code="a">Schoenaers, C.</subfield>
  </datafield>
  <datafield tag="260" ind1=" " ind2=" ">
    <subfield code="c">2004</subfield>
  </datafield>
  <datafield tag="245" ind1=" " ind2=" ">
    <subfield code="a">Direct detection of multiple periods in variable stars</subfield>
  </datafield>
  <datafield tag="520" ind1=" " ind2=" ">
    <subfield code="a">In some observational data sets of variable stars, multiperiodicity was not always recognized as such, and only became apparent when other observational material became available.  In other cases, consecutive prewhitening starting with the obviously most significant frequency could lead to a wrong multifrequency solution.  A few examples illustrating this are given.  Searching directly for a multifrequency solution can often remedy this.  Examples are given and the results of applying this technique to a large set of Hipparcos photometric data are communicated.  An overview of the multiple periodicities found in ß Cephei stars and SPB stars is reported in detail. </subfield>
  </datafield>
  <datafield tag="700" ind1=" " ind2=" ">
    <subfield code="a"> Cuypers, J.</subfield>
  </datafield>
  <datafield tag="773" ind1=" " ind2=" ">
    <subfield code="p">IAU Colloq. 193: Variable Stars in the Local Group</subfield>
    <subfield code="v">310</subfield>
    <subfield code="y">2004</subfield>
    <subfield code="c">283</subfield>
  </datafield>
  <datafield tag="856" ind1="4" ind2="2">
    <subfield code="a">http://esoads.eso.org/abs/2004ASPC..310..283S</subfield>
  </datafield>
  <datafield tag="905" ind1=" " ind2=" ">
    <subfield code="a">published in</subfield>
  </datafield>
  <datafield tag="980" ind1=" " ind2=" ">
    <subfield code="a">NONREF</subfield>
  </datafield>
</record>
</collection>